| 000 | 00725nas a2200241 4500 | ||
|---|---|---|---|
| 001 | BR9507347 | ||
| 003 | BR-BrBNA | ||
| 005 | 20231205095427.0 | ||
| 007 | ta | ||
| 008 | 230509b bl.|||p| |||| 00| 00por d | ||
| 040 |
_aBR-BrBNA _bpor _cBiblioteca Nacional de Agricultura |
||
| 041 | _a(Pt) | ||
| 072 | _aL70 | ||
| 100 | 1 | _aMagalhaes, L.M. | |
| 100 | 1 | _aFerreira Neto, J.M. | |
| 245 | 1 | _aProva de Ayer modificada no cao | |
| 650 | _aCao | ||
| 650 | _aMedula Ossea | ||
| 650 | _aDiagnostico | ||
| 773 | 0 |
_tArquivos da Escola Superior de Veterinaria da Universidade Rural do Estado de Minas Gerais (Brazil) _x _g(1957), v. 10 p. 321-324 _wBR9507347 |
|
| 909 |
_a202311 _bLúcia _c55 _dLúcia Elande |
||
| 942 |
_2AGRIS _n0 _cANA |
||
| 999 |
_c150595 _d150595 |
||